VLSI Electronics Microstructure science : Vol.7 /
Uložené v:
| Ďalší autori: | |
|---|---|
| Médium: | Kniha |
| Jazyk: | English |
| Vydavateľské údaje: |
New York :
Academic Press,
1983
|
| Tagy: |
Žiadne tagy, Buďte prvý, kto otaguje tento záznam!
|
MARC
| LEADER | 00000nam a22000003a 4500 | ||
|---|---|---|---|
| 001 | stu124720 | ||
| 005 | 20150617225903.3 | ||
| 008 | 060817s1983----xxu-----------------eng-d | ||
| 040 | |a STU |b slo | ||
| 041 | 0 | |a eng | |
| 044 | |a xxu | ||
| 080 | |a 621.382.049.771.14 | ||
| 080 | |a 538.9 |7 stu_us_auth*stu7967 | ||
| 100 | 1 | |a Einspruch, Norman G |4 com | |
| 245 | 1 | |a VLSI Electronics Microstructure science : |b Vol.7 / |c Ed.: Einspruch, N.G. | |
| 260 | |a New York : |b Academic Press, |c 1983 | ||
| 300 | |a 12, 401 s | ||
| 996 | |b E57984 |c E*57984 |l EE11 |s P |a 0 |w stu124720_0001 | ||